Lyrika ako fascinácia bytím

Bibliographic Details
Main Author: Zambor, Ján, 1947- (Author)
Format: Article
Language:Slovak

MARC

LEADER 00000nab a2200000 a 4500
001 vtls011102545
003 SK-MaSNL
005 20260303150053.0
008 230222|2012 xo |||||||||||||||||slo|
015 |a SNBRB 
035 |a (uuid)403f4311-05ba-4739-9820-f2d01e87c3ce 
035 |a (urnnbn)urn:nbn:sk:snk:ar-007cdc 
035 |a urn:nbn:sk:snk-ab98sv 
040 |a SNKBUCL  |b slo  |c SNKBUCL  |e AACR2 
041 0 |a slo 
044 |a xo  |c SK 
100 1 |a Zambor, Ján,  |d 1947-  |4 aut  |9 106743 
245 1 0 |a Lyrika ako fascinácia bytím  |c Ján Zambor 
773 0 |t Studia Academica Slovaca : prednášky ... letnej školy slovenského jazyka a kultúry  |g Roč. 41, č. 41 (2012), s. 247-263 
954 |a odborná, vedecká literatúra pôvodná (slovenská)  |2 lita 
958 |a OND 
958 |a EUIPO 
958 |a article13 
999 |c 2007503  |d 2009433